LIBRARY ONLINE CATALOGUE

Irrigation Agriculture And Income Diversification : (Record no. 20242)

MARC details
000 -LEADER
fixed length control field 00470nam a22001337a 4500
008 - FIXED-LENGTH DATA ELEMENTS--GENERAL INFORMATION
fixed length control field 230817b |||||||| |||| 00| 0 eng d
020 ## - INTERNATIONAL STANDARD BOOK NUMBER
International Standard Book Number 978-3659103056
050 ## - LIBRARY OF CONGRESS CALL NUMBER
Classification number S601
Item number .D56 2012
100 ## - MAIN ENTRY--PERSONAL NAME
Personal name Dinku. Garedew
245 ## - TITLE STATEMENT
Title Irrigation Agriculture And Income Diversification :
Remainder of title Irrigation , Income Diversification, food and security/by
Statement of responsibility, etc. Garedew Dinku
260 ## - PUBLICATION, DISTRIBUTION, ETC. (IMPRINT)
Place of publication, distribution, etc. Saarbrucken, Deutschland
Name of publisher, distributor, etc. Lap Lambert Academic publishing
Date of publication, distribution, etc. 2012
300 ## - PHYSICAL DESCRIPTION
Extent 157p.
942 ## - ADDED ENTRY ELEMENTS (KOHA)
Source of classification or shelving scheme Library of Congress Classification
Koha item type General Collection
Holdings
Withdrawn status Lost status Source of classification or shelving scheme Not for loan Home library Current library Date acquired Cost, normal purchase price Inventory number Total Checkouts Full call number Barcode Date last seen Copy number Price effective from Koha item type
    Library of Congress Classification   Kabarak, Main Campus Kabarak, Main Campus 17/08/2023 11953.00 0013/2022   S601 .D56 2012 C.1 031444 17/08/2023 C.1 17/08/2023 General Collection
    Library of Congress Classification   Kabarak, Main Campus Kabarak, Main Campus 17/08/2023 11953.00 0012/2022   S601 .D56 2012 C.2 031445 17/08/2023 C.2 17/08/2023 General Collection
    Library of Congress Classification   Kabarak, Main Campus Kabarak, Main Campus 17/08/2023 11953.00 0011/2022   S601 .D56 2012 C.3 031446 17/08/2023 C.3 17/08/2023 General Collection